UBT Library

Heroes of their own lives : (Record no. 38912)

000 -LEADER
fixed length control field 00638pam a2200229 a 4500
001 - CONTROL NUMBER
control field 534860
005 - DATE AND TIME OF LATEST TRANSACTION
control field 20171214043031.0
008 - FIXED-LENGTH DATA ELEMENTS--GENERAL INFORMATION
fixed length control field 870912s1988 nyuaf b 001 0 eng
010 ## - LIBRARY OF CONGRESS CONTROL NUMBER
LC control number 87040308
020 ## - INTERNATIONAL STANDARD BOOK NUMBER
International Standard Book Number 0670819093 :
Terms of availability $24.95
040 ## - CATALOGING SOURCE
Original cataloging agency DLC
Transcribing agency DLC
Modifying agency DLC
041 ## - LANGUAGE CODE
Language code of text/sound track or separate title eng
043 ## - GEOGRAPHIC AREA CODE
Geographic area code n-us-ma
080 ## - UNIVERSAL DECIMAL CLASSIFICATION NUMBER
Universal Decimal Classification number 362.82
082 00 - DEWEY DECIMAL CLASSIFICATION NUMBER
Classification number 362.82 GOR
Edition number 19
100 1# - Rafti
Rafti 18
101 ## - Shkurtesa
Shkurtesa SHP
245 10 - TITLE STATEMENT
Title Heroes of their own lives :
Statement of responsibility, etc Linda Gordon.
504 ## - BIBLIOGRAPHY, ETC. NOTE
Bibliography, etc Bibliography: p. 313-372.
906 ## - LOCAL DATA ELEMENT F, LDF (RLIN)
a 7
b cbc
c orignew
d 1
e ocip
f 19
g y-gencatlg
942 ## - ADDED ENTRY ELEMENTS (KOHA)
Source of classification or shelving scheme
Item type Books
Holdings
Withdrawn status Lost status Source of classification or shelving scheme Damaged status Not for loan Collection code Permanent location Current location Shelving location Date acquired Total Checkouts Full call number Barcode Date last seen Price effective from Koha item type
          Koleksioni i përgjithshem UBT - Lipjan UBT - Lipjan Koleksioni i përgjithshem 12/14/2017   362.82 GOR 002-2939151 12/14/2017 12/14/2017 Books
UBT Library © 2015-2024. All rights reserved University Education for Business and Technology